Country Compass - World #2 - Statistics

General Stats
  • This quiz has been taken 10 times
  • The average score is 14 of 16
Answer Stats
Answer % Correct
Belarus
100%
Latvia
100%
Norway
100%
Russia
100%
Sweden
100%
United Kingdom (Shetland Islands)
100%
Argentina
89%
Bolivia
89%
Brazil
89%
Guyana
89%
Paraguay
89%
Ukraine
89%
Uruguay
89%
Azerbaijan
78%
Iran
78%
Oman
67%
No matching quizzes found
Score Distribution
Percent of People with Each Score
Percentile by Number Answered
Your Score History
You have not taken this quiz